1303 1093 1158 1183 1451 1090 1011 1547 1927 1166 1336 1072 1086 1384 1896 1010 1693 1980 1993 1560 1912 1640 1677 1829 1092 1993 1499 1199 1814 1246 1973 1907 1360 1516 1048 1796 1727 1883 1622 1008 1706 1142 1067 1789 1926 1589 1291 1564 1382 1004 1156 1391 1235 1287 1986 1572 1296 1896 1057 1243 1719 1881 1329 1662 1524 1142 1467 1563 1809 1560 1144 1485 1847 1805 1064 1887 1881 1794 1211 1921 1122 1415 1597 1291 1827 1199 1984 1413 1064 1734 1265 1912 1388 1355 1160 1334 1339 1872 1726 BCNSPRNW ULIB Ver.6.0+V

เปลี่ยนเป็นภาษาไทย

Change to English
 แสดงรายละเอียดบรรณานุกรม
  กลับหน้าหลัก

Brief Record : Get Marc (ISO 2709) : E-mail record : QR code < ปิดหน้าต่าง
LEADER : 00000nam 2200000uu 4500
001    13399113489
003     ULIB
008    110627s||||||||th 000 0 tha d
020    97897487251
090    นว.^bค11ต มปป.
100 0  คุโรยานางิ เท็ตสึโก
245 00 โต๊ะโตะจัง เด็กหญิงข้างหน้าต่าง/^cคุโรยานางิ เท็ตสึโก
250    พิมพ์ครั้งที่ 4
260    กรุงเทพฯ :^bกะรัต,^cมปป.
300    216 หน้า
710 1  กะรัต
945    ^p0^l0^i019300
995    ทศพร
999 ^a ใช้งานได้ทุกระบบ
รายการนี้ยังไม่มีแท็ก
คุณยังไม่ได้ล็อกอิน คุณสามารถมีกิจกรรมร่วมกับเว็บไซต์ได้ แต่ต้องล็อกอินก่อน ::
  ล็อกอิน

รายการสื่อสารสนเทศ

ลำดับที่ ประเภท เลขเรียก/บาร์โค้ด สถานที่ สถานะ
1. นวนิยาย
นวนิยาย
นว. ค11ต มปป. ฉ.1 
  Barcode: 019300
ห้องสมุดวิทยาเขตสวรรค์ประชารักษ์
►นวนิยาย
บนชั้น
  ขอยืม

รายการใกล้เคียง
    ผู้แต่ง [คุโรยานางิ เท็ตสึโก]

BibComment


ยังไม่เคยถูกคอมเมนท์

คอมเมนท์ทรัพยากรรายการนี้
  คอมเมนท์: โต๊ะโตะจัง เด็กหญ..


 Copyright 2026. Bcnsprnw @Library